A nevetés
Elmentve itt :
| Szerző: | |
|---|---|
| További közreműködők: | |
| Adatforrás: | Philobibl |
| Forrásdokumentuma: | Helikon 1991:25. 11. p. |
| Dokumentumtípus: | Cikk |
| Nyelv: | magyar |
| Kulcsszavak: | esztétika |
| LEADER | 00337nab a2200121 c 4500 | ||
|---|---|---|---|
| 001 | bibPHI0040327 | ||
| 005 | 20200924124319.6 | ||
| 008 | 101126s1991 hu hun | ||
| 100 | 1 | |a Bergson, Henri | |
| 245 | 1 | 2 | |a A nevetés |c Henri Bergson ; [vál. és ford. Vajda Zsuzsa] |
| 695 | |a esztétika | ||
| 700 | 1 | |a Vajda Zsuzsa | |
| 773 | 0 | |t Helikon |g 1991:25. 11. p. | |